| 000 | 01399nam a2200349Ia 4500 | ||
|---|---|---|---|
| 001 | ebr10227186 | ||
| 003 | CaPaEBR | ||
| 006 | m u | ||
| 007 | cr cn||||||||| | ||
| 008 | 000419s2000 miu sb s001 0 eng d | ||
| 010 | _z 00036776 | ||
| 020 | _z9780774807692 | ||
| 020 | _z9780774852098 (ebook) | ||
| 020 | _z0870135562 (alk. paper) | ||
| 040 |
_aCaPaEBR _cCaPaEBR |
||
| 035 | _a(OCoLC)646743990 | ||
| 050 | 1 | 4 |
_aHE5623 _b.M253 2000eb |
| 082 | 0 | 4 |
_a388.3/24/097 _221 |
| 100 | 1 |
_aMadar, Daniel, _d1941- |
|
| 245 | 1 | 0 |
_aHeavy traffic _h[electronic resource] : _bderegulation, trade, and transformation in North American trucking / _cDaniel Madar. |
| 260 |
_aEast Lansing, Mich. : _bMichigan State University Press, _c2000. |
||
| 300 | _a240 p. | ||
| 504 | _aIncludes bibliographical references and index. | ||
| 533 |
_aElectronic reproduction. _bPalo Alto, Calif. : _cebrary, _d2009. _nAvailable via World Wide Web. _nAccess may be limited to ebrary affiliated libraries. |
||
| 650 | 0 |
_aTrucking _xDeregulation _zUnited States. |
|
| 650 | 0 |
_aTrucking _xDeregulation _zCanada. |
|
| 650 | 0 |
_aTrucking _xDeregulation _zNorth America. |
|
| 650 | 0 |
_aFree trade _zNorth America. |
|
| 655 | 7 |
_aElectronic books. _2local |
|
| 710 | 2 | _aebrary, Inc. | |
| 856 | 4 | 0 |
_uhttp://site.ebrary.com/lib/rucke/Doc?id=10227186 _zAn electronic book accessible through the World Wide Web; click to view |
| 999 |
_c41273 _d41273 |
||